wszystkie przedmioty szkolne 3 minuty - Statystyki

Ogólne statystyki
  • Ten quiz został rozwiązany 587 razy
  • Średni wynik to 15 z 21
Statystyki odpowiedzi
Odpowiedź % Poprawnych
język polski
99%
język angielski
98%
matematyka
98%
wychowanie fizyczne
95%
chemia
92%
biologia
91%
fizyka
91%
geografia
89%
język niemiecki
88%
historia
85%
plastyka
81%
wiedza o spoleczeństwie
79%
muzyka
77%
religia
75%
informatyka
72%
technika
67%
wychowanie do życia w rodzinie
62%
edukacja dla bezpieczeństwa
50%
język rosyjski
32%
doradztwo zawodowe
16%
zajęcia z wychowawcą
12%
Nie znaleziono quizów pasujących do podanych kryteriów
Rozkład punktacji
Procent ludzi z każdym wynikiem
Percentyl według liczby udzielonych odpowiedzi
Twoja historia wyników
Nie rozwiązałeś tego quizu